Länder mit gelber Flagge - Statistiken

Allgemein
  • Dieses Quiz wurde 48 mal gespielt
    6 seit der letzten Aktualisierung
  • Das Durchschnittsergebnis liegt bei 5 aus 17
Answers on the Grid
Answers color-coded by a green-red scale on the quiz's grid according to % correct below.
Armenien
Äquatorialguinea
Mauritius
Vereinigte Arabische Emirate
Zentralafrikanische Republik
Singapur
Turkmenistan
Russland
Mali
Namibia
Irland
Deutschland
Kiribati
Burkina Faso
Oman
Philippinen
Slowenien
Venezuela
Slowakei
USA
Bangladesch
Brasilien
Gabun
Kroatien
Honduras
Jemen
Lesotho
Mauretanien
Belarus
Äthiopien
 
Antwortstatistiken
Antwort % Korrekt
Brasilien
80%
Deutschland
60%
Kiribati
60%
Venezuela
60%
Äthiopien
40%
Burkina Faso
40%
Mali
40%
Mauretanien
40%
Mauritius
40%
Äquatorialguinea
20%
Gabun
20%
Namibia
20%
Kroatien
0%
Philippinen
0%
Slowenien
0%
Turkmenistan
0%
Zentralafrikanische Republik
0%
Keine übereinstimmenden Quizze gefunden
Verteilung der Resultate
Anzahl Personen mit jedem Resultat
Perzentil nach korrekt beantworteten Fragen
Ihre Resultats-Entwicklung
Sie haben dieses Quiz seit der letzten Aktualisierung nicht gespielt